000 00636nam a22001817a 4500
999 _c57085
_d57085
003 Ge_BSU
005 20230222104856.0
008 191114s2017 ge ||||| |||| 00| 0 geo d
041 _ageo
080 _a342.726-053.2(479.22) ბ-15
245 _aბავშვის უფლებათა კონვენცია
264 _a[თბილისი],
_c2008.
300 _a48 გვ. ;
_c21 სმ.
653 _aბავშვთა უფლებების დაცვა საქართველოში
653 _aსამართალი
710 _eUnicef for every child
_95326
942 _2udc
_cBK